| 000 | 00837cab a2200265 4500 | ||
|---|---|---|---|
| 001 | ABS48632 | ||
| 008 | 090401t1993 xxu||||| |||| 00| 0 eng d | ||
| 035 | _a(Sirsi) u67673 | ||
| 041 | _aeng | ||
| 100 | _aTaylor, B. | ||
| 245 | 4 | _aThe housing market in the first quarter of 1993 | |
| 260 | _c1993 | ||
| 350 | _a0 | ||
| 490 |
_aHousing Finance _v(18) May 1993, 3-6(4) |
||
| 520 | _aA detailed commentary on the housing market for the first quarter of 1993, including mortgage funding and the mortgage market, and arrears and possessions. | ||
| 650 | _aHOUSE PRICES | ||
| 650 | _aHOUSE PURCHASE | ||
| 650 | _aHOUSING MARKET | ||
| 650 | _aMORTGAGE ARREARS | ||
| 650 | _aREPOSSESSIONS | ||
| 650 | _aSTATISTICS | ||
| 690 | _aPROPERTY-RESIDENTIAL PROPERTY-RESIDENTIAL PROPERTY MARKET | ||
| 942 | _n0 | ||
| 948 | _c04/03/1997 | ||
| 999 |
_c42362 _d42362 |
||